Antarctic Animals by Picture - Statistics

General Stats
  • This quiz has been taken 56 times
  • The average score is 10 of 16
Answer Stats
Picture Answer % Correct
{Emperor} Penguin
96%
Orca
93%
{Blue} Whale
87%
{Elephant} Seal
78%
Kelp Gull
71%
Wandering {Albatross}
71%
Hourglass {Dolphin}
64%
{Leopard} Seal
64%
Krill
60%
Arctic {Tern}
58%
{Chinstrap} Penguin
51%
{Adélie} Penguin
40%
Imperial {Shag}
36%
Skua
33%
Cape {Petrel}
27%
{Crabeater} Seal
24%
No matching quizzes found
Score Distribution
Percent of People with Each Score
Percentile by Number Answered
Your Score History
You have not taken this quiz